Riconosci il Pokémon - Quiz n°24 - Statistics

Statistiche generali
  • Questo quiz è stato fatto 26 volte
  • Il punteggio medio è 8 su 10
Statistiche sulle risposte
Indizio Risposta % Corretto
Tipo Roccia
100%
Generazione Terza
100%
Stadio evoluzione Non si evolve
86%
Abilità Corpochiaro; Vigore
82%
Peso 230,0 kg
77%
Altezza 1,7 m
73%
Tasso di cattura 3 (1.6%)
73%
Sesso Sconosciuto
73%
Tasso di allevamento Lento
64%
Pokémon Regirock
55%
Nessun quiz corrispondente trovato
Distribuzione punteggi
Percentuale di utenti per punteggio
Percentile per numero di risposta
I tuoi punteggi nel tempo
Non hai fatto questo quiz